000 00619nam a2200205Ia 4500
008 241004s9999 xx 000 0 und d
020 _a9781847012616
037 _aTextbook
040 _aARTS
_beng
_cARTS
041 _aeng
_2eng
084 _aV63:51.N84 R1
_qARTS
100 _aRueedi Franziska Au.
_9724640
245 _aVaal uprising of 1984 and the struggle for freedom in South Africa
_cRueedi Franziska Au.
260 _aUSA
_bWoodbridge James Currey
_c2022
300 _axv,243p.
365 _aUKP
_b60
650 _aHistory
942 _cTB
_hV63:51.N84 R1
999 _c1218787
_d1218787